Datum a čas kvízu

28 Celkem bodů Celkový počet nahraných bodů na tomto kvízu bez doplňovacích otázek.
11. Pořadí na kvízu Konečné umístění týmu na tomto kvízu.

Zaznamenané odpovědi

# Otázka Odpověď Body Výsledky
1. Poblíž které jihočeské obce by... Lety 1
2. V noci ze středy na čtvrtek do... Moulin Rouge 1
3. Při sobotním jednodenním festi... Pořadatel přestal vracet zálohy za kelímky. 1
4. Mobilní síť jednoho českého op... Vodafone 1
5. Který český hokejista v úterý... Jakub Voráček 0
6. Bešamelová omáčka se standardn... muškátovým oříškem/květem 1
7. Napište zakrytou značku zobraz... Kikkoman 0
8. Když se řekne omáčka, určitě s... 15 0
9. Město Worcester dalo jméno jed... C; čertovo lejno 0.5
10. Jak se označuje tato jednoduch... velouté 0